|
|
|
|
| LEADER |
00669nam a22001932a 4500 |
| 001 |
000145879 |
| 003 |
CZ BrMZK |
| 005 |
19970103143423.0 |
| 008 |
970103s1993 xr f cze d |
| 040 |
|
|
|a BOA001
|b cze
|
| 080 |
|
|
|a 339.542
|2 MRF
|
| 100 |
1 |
|
|a Švarc, Zbyněk,
|d 1950-
|7 xx0009447
|
| 245 |
1 |
0 |
|a Podnikání se zahraničím /
|c Zbyněk Švarc.
|
| 260 |
|
|
|a Praha :
|b FITR JUVEN Bohemia,
|c [1993]
|
| 300 |
|
|
|a 125 s.
|
| 910 |
|
|
|a BOA001
|b TK-0252.667
|
| 990 |
|
|
|a BK
|
| 996 |
7 |
|
|b 2629984719
|c TK-0252.667
|l MZK
|r Sklad / do 24 hodin
|n 3
|w 000145879
|u 000010
|a 1
|e BOA001
|j MZK50
|s A
|
| 996 |
6 |
|
|b BC-35753
|c TK-0252.667
|l MZK
|r Sklad / do 24 hodin
|n 0
|w 000145879
|u 000020
|a 1
|e BOA001
|j MZK50
|s P
|